| 000 | 00360 a2200121 4500 | ||
|---|---|---|---|
| 090 |
_c6529 _d6529 |
||
| 100 | _aIBM | ||
| 245 |
_aDB2 Security and compliance solutions for Linux, Unix, and windows _cIBM |
||
| 260 |
_aUSA : _bInternational Business Machines Corporation, _c2008. |
||
| 300 |
_axii, 266 p. ; _c27 cm. |
||
| 500 | _aIBM Manual | ||
| 942 |
_cBK _k005.432 IBM |
||
| 999 |
_c10360 _d10360 |
||